[Event "SR 3. liga A2 2014/2015"]
[Site "?"]
[Date "2015.01.11"]
[Round "6.1"]
[White "Husek, Lubomir"]
[Black "Curidlo, Jan"]
[Result "0-1"]
[WhiteElo "1854"]
[BlackElo "1889"]
[PlyCount "110"]
[EventDate "2015.??.??"]

1. e4 Nc6 2. Nf3 e5 3. Bb5 Bc5 4. c3 Nf6 5. d3 h6 6. Bxc6 dxc6 7. Nxe5 Qe7 8.
Nf3 Bg4 9. O-O O-O-O 10. Qe2 Rhe8 11. Nbd2 a6 12. Re1 g5 13. d4 Ba7 14. e5 Nd5
15. Nf1 c5 16. c4 Nb4 17. d5 Bf5 18. Ne3 Bd3 19. Qd1 Bg6 20. a3 Nd3 21. Re2
Nxe5 22. Nxe5 Qxe5 23. Re1 f5 24. Nc2 Qf6 25. Rxe8 Rxe8 26. h3 Re4 27. Ne3 c6
28. dxc6 bxc6 29. Qa4 Kb7 30. Qb3+ Ka8 31. Bd2 f4 32. Bc3 Qe7 33. Ng4 h5 34.
Nh2 Bf7 35. Qa4 Qb7 36. b3 Re6 37. Rd1 Bb6 38. Nf3 g4 39. hxg4 hxg4 40. Ne5 Be8
41. Nxg4 Bh5 42. f3 Bxg4 43. fxg4 Ka7 44. Ba5 Qe7 45. Rf1 Qd6 46. Be1 Re2 47.
Bf2 Kb7 48. b4 Qe7 49. bxc5 Bxc5 50. Rb1+ Ka7 51. Bxc5+ Qxc5+ 52. Kh1 Re8 53.
g3 f3 54. Rb2 Rh8+ 55. Rh2 Qf2 0-1

[Event "SR 3. liga A2 2014/2015"]
[Site "?"]
[Date "2015.01.11"]
[Round "6.1"]
[White "Slaby, Jozef"]
[Black "Vach, Jozef"]
[Result "1-0"]
[WhiteElo "1879"]
[BlackElo "1778"]
[PlyCount "145"]
[EventDate "2015.??.??"]

1. c4 c5 2. Nc3 Nc6 3. g3 g6 4. Bg2 Bg7 5. e3 e5 6. Nge2 Nge7 7. O-O O-O 8. a3
d6 9. Rb1 Be6 10. Nd5 Rb8 11. Nec3 Qd7 12. Re1 f5 13. b4 e4 14. f3 exf3 15.
Qxf3 Ne5 16. Qe2 N7c6 17. d3 b6 18. Bd2 Rbe8 19. Nf4 Bf7 20. Ncd5 Ng4 21. Qd1
g5 22. Ne2 Ne7 23. Nec3 Nxd5 24. Nxd5 Nf6 25. Nc3 Re7 26. Qc2 Rfe8 27. b5 d5
28. Nd1 Rd8 29. cxd5 Bxd5 30. Nf2 Bxg2 31. Kxg2 Qd5+ 32. Kg1 c4 33. d4 h6 34.
Rbc1 Rc8 35. Bb4 Rec7 36. a4 h5 37. Bc3 h4 38. e4 fxe4 39. Nxe4 Rf7 40. Nxf6+
Bxf6 41. Qg6+ Bg7 42. Qe4 Qxe4 43. Rxe4 hxg3 44. hxg3 Rf3 45. Kg2 Rf5 46. Rg4
Kf7 47. Rc2 Kg6 48. Re4 Bf6 49. Re6 Rd5 50. Rc6 Rcd8 51. Rf2 Rf8 52. g4 Kg7 53.
Rxc4 Rfd8 54. Rc7+ R8d7 55. Rxd7+ Rxd7 56. Rd2 Kf7 57. Kf3 Rd5 58. Ke4 Ke6 59.
Bb2 Bd8 60. Rc2 Rd7 61. Rc6+ Kf7 62. d5 Re7+ 63. Kf5 Re2 64. Bc1 Rf2+ 65. Ke5
Rg2 66. Rc4 Re2+ 67. Kd6 Be7+ 68. Kc7 Ke8 69. d6 Bd8+ 70. Kc8 Re5 71. d7+ Ke7
72. Ba3+ Ke6 73. Kxd8 1-0

[Event "SR 3. liga A2 2014/2015"]
[Site "?"]
[Date "2015.01.11"]
[Round "6.1"]
[White "Hrubos, Milan"]
[Black "Verba, Vladimir"]
[Result "0-1"]
[WhiteElo "1771"]
[BlackElo "1789"]
[PlyCount "136"]
[EventDate "2015.??.??"]

1. e4 g6 2. d4 Bg7 3. Be3 c5 4. Nc3 Qa5 5. Qd2 cxd4 6. Bxd4 Nf6 7. Nf3 Nc6 8.
O-O-O d6 9. h3 O-O 10. g4 Be6 11. a3 Rfc8 12. g5 Nxd4 13. Nxd4 Nd7 14. Nd5
Qxd2+ 15. Rxd2 Bxd5 16. exd5 Nb6 17. Nb3 Be5 18. Kb1 Bf4 19. Rd4 Bxg5 20. f4
Bf6 21. Rd2 Nc4 22. Bxc4 Rxc4 23. Rf1 a5 24. Rd3 a4 25. Nd2 Rc7 26. Ne4 Bg7 27.
f5 Rc4 28. Nd2 Rh4 29. fxg6 hxg6 30. Re1 Kf8 31. Re4 Rxe4 32. Nxe4 Rc8 33. b3
b5 34. Ng5 Rc3 35. Rxc3 Bxc3 36. Ne4 Be5 37. bxa4 bxa4 38. c4 e6 39. Kc2 exd5
40. cxd5 f5 41. Nd2 Bd4 42. Kd3 Bc5 43. Nc4 g5 44. Ke2 Kf7 45. Nb2 Bxa3 46.
Nxa4 Kf6 47. Nb6 Bc5 48. Nc4 f4 49. Kf3 Kf5 50. Nd2 Bb6 51. Ne4 Bc7 52. Nd2 Bd8
53. Nc4 Be7 54. Nb6 Ke5 55. Nc8 Bf6 56. Nb6 Kd4 57. Nd7 Bd8 58. Nf8 Kxd5 59.
Ng6 Ke6 60. h4 Kf5 61. h5 g4+ 62. Kf2 d5 63. Nf8 Bg5 64. Nd7 Bh4+ 65. Kf1 Kg5
66. Nb6 d4 67. Nd5 f3 68. Nb4 g3 0-1

[Event "SR 3. liga A2 2014/2015"]
[Site "?"]
[Date "2015.01.11"]
[Round "6.1"]
[White "Sedlak, Rastislav"]
[Black "Pivacek, Jozef"]
[Result "0-1"]
[WhiteElo "1754"]
[BlackElo "1000"]
[PlyCount "70"]
[EventDate "2015.??.??"]

1. e4 e5 2. Nf3 Nc6 3. Bc4 Nf6 4. O-O Be7 5. Nc3 O-O 6. d4 exd4 7. Nxd4 Nxd4 8.
Qxd4 d6 9. Bg5 a6 10. a4 Be6 11. Rfd1 h6 12. Bh4 g5 13. Bg3 Nh5 14. Nd5 Bxd5
15. Qxd5 c6 16. Qd3 Nxg3 17. Qxg3 Qb6 18. Bb3 Kg7 19. h4 Rad8 20. hxg5 hxg5 21.
Rd2 f5 22. Qd3 fxe4 23. Qxe4 Rde8 24. Qd4+ Qxd4 25. Rxd4 d5 26. Rd2 Bc5 27. Kf1
Rf6 28. Re1 Ref8 29. Ree2 Rh6 30. g3 g4 31. Re5 Kf6 32. Ree2 Rh1+ 33. Kg2 Rfh8
34. Re6+ Kf7 35. Re1 R8h2# 0-1

[Event "SR 3. liga A2 2014/2015"]
[Site "?"]
[Date "2015.01.11"]
[Round "6.2"]
[White "Gasa, Patrik"]
[Black "Kozinka, Roman"]
[Result "1-0"]
[WhiteElo "2074"]
[BlackElo "2001"]
[PlyCount "115"]
[EventDate "2015.??.??"]

1. d4 Nf6 2. Nf3 e6 3. c4 c5 4. Nc3 cxd4 5. Nxd4 Be7 6. g3 O-O 7. Bg2 a6 8. O-O
Qc7 9. Qd3 d6 10. a3 Nbd7 11. b3 Rb8 12. Bb2 Ne5 13. Qd2 Bd7 14. Rac1 Rfc8 15.
Rfd1 Nc6 16. Ne4 Nxd4 17. Qxd4 Ne8 18. Nxd6 Bf6 19. Nxe8 Bxd4 20. Nxc7 Bxb2 21.
Rc2 Rxc7 22. Rxb2 Kf8 23. Rd6 Bc6 24. Rbd2 Ke7 25. f4 h5 26. h4 Bxg2 27. Kxg2
b6 28. Kf3 g6 29. e4 b5 30. Rxa6 bxc4 31. b4 c3 32. Rc2 Rd8 33. Ke2 e5 34. Ra5
exf4 35. gxf4 f6 36. b5 Rd6 37. Ra4 Rc5 38. Rb4 Rb6 39. a4 Ke6 40. Kd3 g5 41.
fxg5 fxg5 42. hxg5 h4 43. Rxc3 Rd6+ 44. Kc2 Rxg5 45. e5 Rg2+ 46. Kb3 Rdd2 47.
Rxh4 Rb2+ 48. Kc4 Rg7 49. Rb3 Rc7+ 50. Kb4 Rbc2 51. b6 Rc8 52. a5 Kd5 53. Rd3+
Kxe5 54. b7 Rb2+ 55. Rb3 Rxb3+ 56. Kxb3 Rb8 57. a6 Kd6 58. Rc4 1-0

[Event "SR 3. liga A2 2014/2015"]
[Site "?"]
[Date "2015.01.11"]
[Round "6.2"]
[White "Horecky, Peter"]
[Black "Sebesta, Radovan"]
[Result "1/2-1/2"]
[WhiteElo "1985"]
[BlackElo "2048"]
[PlyCount "44"]
[EventDate "2015.??.??"]

1. d4 Nf6 2. Nf3 e6 3. e3 d5 4. c4 c6 5. b3 Bb4+ 6. Nbd2 O-O 7. Bd3 Nbd7 8. O-O
Re8 9. Qc2 h6 10. Bb2 Qe7 11. Rad1 Ba3 12. Ba1 Bd6 13. Ne5 Nf8 14. f4 Bd7 15.
Rf3 c5 16. Rh3 Rac8 17. Ndf3 cxd4 18. exd4 dxc4 19. bxc4 Red8 20. g4 Nd5 21.
Qd2 Bb4 22. Qc1 Ba3 1/2-1/2

[Event "SR 3. liga A2 2014/2015"]
[Site "?"]
[Date "2015.01.11"]
[Round "6.2"]
[White "Lanik, Miroslav"]
[Black "Mackovic, Matus"]
[Result "1/2-1/2"]
[WhiteElo "1895"]
[BlackElo "1949"]
[PlyCount "26"]
[EventDate "2015.??.??"]

1. e4 c6 2. d4 d5 3. e5 Bf5 4. Nf3 e6 5. Be2 c5 6. Be3 Qb6 7. Nc3 a6 8. O-O
Qxb2 9. Na4 Qxc2 10. Qxc2 Bxc2 11. Nb6 Ra7 12. Nc8 Ra8 13. Nb6 Ra7 1/2-1/2

[Event "SR 3. liga A2 2014/2015"]
[Site "?"]
[Date "2015.01.11"]
[Round "6.2"]
[White "Slobodnik, Michal"]
[Black "Palka, Martin"]
[Result "0-1"]
[WhiteElo "1958"]
[BlackElo "1890"]
[PlyCount "114"]
[EventDate "2015.??.??"]

1. g3 d5 2. Bg2 Nf6 3. f4 e6 4. Nf3 c5 5. d3 Nc6 6. O-O Bd6 7. Qe1 O-O 8. e4
dxe4 9. dxe4 Be7 10. h3 Qb6 11. Nc3 Rd8 12. Kh1 Bd7 13. b3 Rac8 14. g4 Nd4 15.
Qf2 Nxf3 16. Bxf3 Bc6 17. g5 Ne8 18. Ne2 Rd7 19. Bb2 Rcd8 20. Bc3 Nd6 21. Ng3
Nb5 22. Be1 Nd4 23. Bg2 Qc7 24. c3 Nb5 25. a4 Nd6 26. Ra2 b6 27. h4 Qb7 28. Re2
g6 29. Kh2 a6 30. h5 b5 31. axb5 axb5 32. hxg6 hxg6 33. Rh1 c4 34. b4 Bf8 35.
Kg1 Bg7 36. Rh2 Ra8 37. f5 exf5 38. exf5 Nxf5 39. Nxf5 gxf5 40. Qxf5 Bxg2 41.
Qh7+ Kf8 42. Rhxg2 Ra1 43. Re4 Re7 44. Rge2 Rxe4 45. Rxe4 Qb6+ 46. Kg2 Ra2+ 47.
Kf3 Qd6 48. Qf5 Qd3+ 49. Kg4 Rg2+ 50. Kh5 Rh2+ 51. Bh4 Qd1+ 52. Rg4 Bxc3 53. g6
Rxh4+ 54. Kxh4 Qh1+ 55. Kg5 f6+ 56. Kf4 Qf1+ 57. Ke4 Qd3+ 0-1

[Event "SR 3. liga A2 2014/2015"]
[Site "?"]
[Date "2015.01.11"]
[Round "6.2"]
[White "Kubik, Peter"]
[Black "Lopatievov, Alexander"]
[Result "1/2-1/2"]
[WhiteElo "1854"]
[BlackElo "1926"]
[PlyCount "93"]
[EventDate "2015.??.??"]

1. e4 c6 2. d4 d6 3. Nf3 Nf6 4. Nc3 b5 5. Bd3 g6 6. Be3 Bg7 7. Qd2 Ng4 8. Bg5
h6 9. Bf4 e5 10. dxe5 Nxe5 11. Nxe5 dxe5 12. Be3 Qa5 13. O-O g5 14. a3 Nd7 15.
b4 Qd8 16. Ne2 Nb6 17. Rad1 Be6 18. Qc3 Qc8 19. Bc5 Na4 20. Qd2 Nxc5 21. bxc5
O-O 22. Ng3 Rd8 23. Qe3 Qa6 24. Be2 Qa4 25. Qc3 Rd4 26. Rxd4 Qxd4 27. Qxd4 exd4
28. Nf5 Bxf5 29. exf5 Bf8 30. a4 a6 31. Ra1 b4 32. Bc4 Kg7 33. g4 Bxc5 34. Re1
Kf6 35. Re4 a5 36. Kf1 Rd8 37. Ke2 Rd7 38. f3 Bb6 39. Kd3 Re7 40. Rxe7 Kxe7 41.
Ke4 f6 42. h3 Kd6 43. Bb3 Kc5 44. Kd3 Bc7 45. Ke4 Bg3 46. Kd3 Bf2 47. Ke4
1/2-1/2

[Event "SR 3. liga A2 2014/2015"]
[Site "?"]
[Date "2015.01.11"]
[Round "6.2"]
[White "Mackovic, Miroslav"]
[Black "Havlicek, Peter"]
[Result "1/2-1/2"]
[WhiteElo "1846"]
[BlackElo "1837"]
[PlyCount "47"]
[EventDate "2015.??.??"]

1. e4 c5 2. Nf3 d6 3. d4 cxd4 4. Nxd4 e6 5. Nc3 a6 6. Be3 Nc6 7. Be2 Nf6 8. O-O
Be7 9. f4 O-O 10. Bf3 Qc7 11. g4 Nxd4 12. Bxd4 e5 13. Be3 exf4 14. Bxf4 Qb6+
15. Kh1 Qxb2 16. Na4 Qa3 17. Nb6 Rb8 18. g5 Ne8 19. h4 Be6 20. Qd4 Rd8 21. Rad1
Qc5 22. c4 Qxd4 23. Rxd4 f6 24. Bc1 1/2-1/2

[Event "SR 3. liga A2 2014/2015"]
[Site "?"]
[Date "2015.01.11"]
[Round "6.2"]
[White "Zisek, Jaroslav"]
[Black "Gajarsky, Julius"]
[Result "0-1"]
[WhiteElo "1819"]
[BlackElo "1798"]
[PlyCount "60"]
[EventDate "2015.??.??"]

1. c4 e5 2. Nc3 Nf6 3. d3 b6 4. Nf3 Nc6 5. e3 Bb7 6. a3 d6 7. b4 a6 8. Qc2 Qd7
9. Be2 Be7 10. Bb2 O-O 11. O-O h6 12. d4 exd4 13. exd4 Rae8 14. d5 Ne5 15. Nd1
Nxf3+ 16. Bxf3 Nh7 17. Ne3 f5 18. Bh5 Rd8 19. Bg6 Bc8 20. g4 Ng5 21. Bxf5 Nf3+
22. Kh1 Qe8 23. Bg6 Qd7 24. Bf5 Qe8 25. Bxc8 Rxc8 26. Nf5 Bf6 27. Bxf6 Rxf6 28.
Qc3 Rxf5 29. Rae1 Nxe1 30. Rxe1 Re5 0-1

[Event "SR 3. liga A2 2014/2015"]
[Site "?"]
[Date "2015.01.11"]
[Round "6.2"]
[White "Bango, Dominik"]
[Black "Bendzela, Tibor"]
[Result "1-0"]
[WhiteElo "1557"]
[BlackElo "1515"]
[PlyCount "132"]
[EventDate "2015.??.??"]

1. e4 d5 2. exd5 Qxd5 3. Nc3 Qa5 4. d3 c6 5. Bd2 Qc7 6. Nf3 Nf6 7. g3 Bf5 8.
Bg2 e6 9. O-O Bd6 10. Re1 Nbd7 11. Be3 h6 12. Qd2 Bg4 13. Nh4 g5 14. Nf3 Bxf3
15. Bxf3 g4 16. Bg2 h5 17. Rad1 h4 18. Ne4 hxg3 19. Nxd6+ Qxd6 20. fxg3 O-O-O
21. Rf1 Rde8 22. Bxa7 Nh5 23. Bf2 f5 24. Be3 Ref8 25. d4 Ndf6 26. Bf4 Nxf4 27.
Qxf4 Qxf4 28. Rxf4 Nh5 29. Rf2 f4 30. gxf4 Rxf4 31. Rxf4 Nxf4 32. Re1 Kd7 33.
Be4 Kd6 34. Kf2 Nh5 35. Kg2 b6 36. Rf1 b5 37. Rf2 Rg8 38. Rf7 b4 39. Rb7 Nf4+
40. Kf2 Nd5 41. Bxd5 Kxd5 42. Rxb4 Rh8 43. Kg2 Ke4 44. d5+ Kxd5 45. Rxg4 e5 46.
h4 e4 47. Kf2 Rf8+ 48. Ke2 Rf3 49. a4 Rh3 50. a5 Rh2+ 51. Ke3 Rxc2 52. Rg5+ Kd6
53. b3 Rc3+ 54. Kxe4 Rxb3 55. Kf5 c5 56. h5 c4 57. h6 c3 58. h7 Rb5+ 59. Kf6
Rxg5 60. h8=Q Rc5 61. a6 c2 62. a7 c1=Q 63. Qd8+ Kc6 64. a8=Q+ Kb5 65. Qda5+
Kc4 66. Qe4+ Kb3 1-0

[Event "SR 3. liga A2 2014/2015"]
[Site "?"]
[Date "2015.01.11"]
[Round "6.4"]
[White "Kucharek, Jaroslav"]
[Black "Veselsky, Jozef"]
[Result "1/2-1/2"]
[WhiteElo "2067"]
[BlackElo "2133"]
[PlyCount "87"]
[EventDate "2015.??.??"]

1. e4 c5 2. Nc3 Nc6 3. g3 g6 4. Bg2 Bg7 5. d3 d6 6. Be3 Nf6 7. h3 O-O 8. Nge2
Bd7 9. O-O Rb8 10. Qd2 b5 11. f4 b4 12. Nd1 a5 13. g4 a4 14. a3 bxa3 15. Rxa3
Ne8 16. Rxa4 Nc7 17. Ra2 Nb5 18. c3 Be6 19. Ra4 Qc7 20. Nc1 Bd7 21. Ra1 Ra8 22.
Rxa8 Rxa8 23. Bf2 Qa5 24. Qc2 Rb8 25. Ne3 Nc7 26. Nc4 Qb5 27. Re1 Be6 28. b3
Na5 29. Nxa5 Qxa5 30. c4 Na6 31. Na2 Nb4 32. Nxb4 Qxb4 33. Rb1 Bd7 34. Be1 Qa3
35. Bf3 Bd4+ 36. Kg2 Ra8 37. b4 Ba4 38. Qe2 Bb3 39. e5 Ba2 40. Bxa8 Bxb1 41.
Qf3 cxb4 42. exd6 exd6 43. Qe4 Qxd3 44. Qxd3 1/2-1/2

[Event "SR 3. liga A2 2014/2015"]
[Site "?"]
[Date "2015.01.11"]
[Round "6.4"]
[White "Pribila, Gerhard"]
[Black "Hirmajer, Jan"]
[Result "1-0"]
[WhiteElo "2060"]
[BlackElo "1966"]
[PlyCount "55"]
[EventDate "2015.??.??"]

1. e4 g6 2. d4 Bg7 3. Nc3 d6 4. h3 a6 5. Nf3 b5 6. a4 b4 7. Nd5 a5 8. Bd3 Ba6
9. O-O c6 10. Nf4 e5 11. Bxa6 Nxa6 12. dxe5 dxe5 13. Nd3 f6 14. Be3 Qe7 15. Nd2
c5 16. Nc4 Qc7 17. f4 O-O-O 18. fxe5 fxe5 19. Qg4+ Kb7 20. Nxa5+ Ka7 21. Qe6
Rd6 22. Qc4 Nf6 23. Nxc5 Ka8 24. Nxa6 Qxc4 25. Nxc4 Rxa6 26. Rad1 Nxe4 27. Rf7
Rg8 28. Rdd7 1-0

[Event "SR 3. liga A2 2014/2015"]
[Site "?"]
[Date "2015.01.11"]
[Round "6.4"]
[White "Jakubec, Milan"]
[Black "Ambros, Rafael"]
[Result "1-0"]
[WhiteElo "2102"]
[BlackElo "1994"]
[PlyCount "91"]
[EventDate "2015.??.??"]

1. e4 c5 2. Nf3 Nc6 3. c4 g6 4. d4 cxd4 5. Nxd4 Bg7 6. Be3 d6 7. Be2 Nf6 8. Nc3
O-O 9. O-O Bd7 10. Rc1 a6 11. Nxc6 Bxc6 12. Bf3 Qa5 13. Qd2 Rfe8 14. b3 Rac8
15. Rc2 b5 16. cxb5 axb5 17. Rfc1 Qa8 18. a4 bxa4 19. Nxa4 Bxe4 20. Bxe4 Nxe4
21. Qd3 Rxc2 22. Rxc2 Qb7 23. f3 Nf6 24. Nb6 Rb8 25. Kf2 Nd7 26. Nxd7 Qxd7 27.
Rc4 h5 28. Qc2 d5 29. Rc7 Qd6 30. Ba7 Rd8 31. g3 d4 32. Qc5 d3 33. Qxd6 Rxd6
34. Ke1 e5 35. Be3 Bf8 36. Rc8 Kg7 37. Bc5 Be7 38. Bxd6 Bxd6 39. Kd2 h4 40.
Kxd3 f5 41. Rc6 Bb8 42. gxh4 Kh6 43. b4 Kh5 44. b5 e4+ 45. fxe4 f4 46. Ke2 1-0

[Event "SR 3. liga A2 2014/2015"]
[Site "?"]
[Date "2015.01.11"]
[Round "6.4"]
[White "Kubis, Ivan"]
[Black "Miciak, Emanuel"]
[Result "0-1"]
[WhiteElo "1991"]
[BlackElo "1882"]
[PlyCount "52"]
[EventDate "2015.??.??"]

1. e4 e6 2. d4 d5 3. Nc3 Bb4 4. e5 c5 5. a3 Bxc3+ 6. bxc3 Ne7 7. Nf3 b6 8. a4
Qc7 9. Bd3 Nd7 10. O-O f5 11. exf6 Nxf6 12. Bb5+ Bd7 13. Ne5 Bxb5 14. axb5 Ng6
15. Re1 Nxe5 16. Rxe5 O-O 17. Rxe6 Ne4 18. Qh5 Nxc3 19. Be3 Qd7 20. Re5 g6 21.
Qh4 Rae8 22. Rxe8 Rxe8 23. dxc5 Qxb5 24. h3 Ne2+ 25. Kh2 bxc5 $11 26. Rxa7 Qb8+
0-1

[Event "SR 3. liga A2 2014/2015"]
[Site "?"]
[Date "2015.01.11"]
[Round "6.4"]
[White "Podjavorinsky, Michal"]
[Black "Jozefovic, Milan"]
[Result "1-0"]
[WhiteElo "1736"]
[BlackElo "1891"]
[PlyCount "167"]
[EventDate "2015.??.??"]

1. e4 b6 2. d4 Bb7 3. Nc3 d6 4. Nf3 Nf6 5. Bd3 g6 6. O-O Bg7 7. Bg5 O-O 8. Re1
Qd7 9. Qd2 Nc6 10. Bh6 Nb4 11. Bxg7 Kxg7 12. Bf1 Qg4 13. h3 Qh5 14. a3 Nc6 15.
e5 dxe5 16. Nxe5 e6 17. Nb5 Ne8 18. Nd7 Rg8 19. Qf4 Qf5 20. Qg3 Rc8 21. Bd3 Qd5
22. Ne5 a6 23. Nxc6 Bxc6 24. Na7 Rd8 25. Be4 Qxe4 26. Rxe4 Bxe4 27. Qe5+ Nf6
28. Qxc7 Rd7 29. Qxb6 Ra8 30. f3 Rb7 31. Qc5 Nd7 32. Qd6 Bxf3 33. gxf3 Raxa7
34. b3 Nf6 35. Qe5 Rb5 36. Qe3 Rab7 37. a4 Rb4 38. Re1 Rd7 39. Rd1 Rdb7 40. h4
h6 41. Qe5 R4b6 42. Re1 Rd7 43. Qe3 Nd5 44. Qd2 Rbd6 45. c4 Ne7 46. Rd1 Nf5 47.
d5 exd5 48. cxd5 Ne7 49. Qc3+ f6 50. b4 Nxd5 51. Qc5 Kf7 52. b5 axb5 53. Qxb5
Ke6 54. Re1+ Kf7 55. Qe2 Re7 56. Qd2 Rxe1+ 57. Qxe1 f5 58. a5 f4 59. Qe5 Rd7
60. a6 g5 61. hxg5 hxg5 62. a7 Nb6 63. Qf5+ Ke7 64. Qxg5+ Kd6 65. Qf6+ Kc7 66.
Qxb6+ Kxb6 67. a8=Q Kc7 68. Kg2 Rd6 69. Kh3 Kd7 70. Kg4 Ke7 71. Qe4+ Kf7 72.
Qxf4+ Rf6 73. Qxf6+ Kxf6 74. Kf4 Kg6 75. Ke5 Kf7 76. Kf5 Ke7 77. Kg6 Kf8 78.
Kf6 Ke8 79. f4 Kf8 80. f5 Kg8 81. Ke7 Kg7 82. f6+ Kg8 83. f7+ Kh7 84. f8=R 1-0

[Event "SR 3. liga A2 2014/2015"]
[Site "?"]
[Date "2015.01.11"]
[Round "6.4"]
[White "Bilovsky, Milan"]
[Black "Smrek, Peter"]
[Result "1-0"]
[WhiteElo "1921"]
[BlackElo "1831"]
[PlyCount "131"]
[EventDate "2015.??.??"]

1. e4 Nf6 2. e5 Nd5 3. d4 d6 4. f4 Bf5 5. a3 e6 6. Nf3 Be7 7. Bd3 Bg6 8. c4 Nb6
9. Be3 Nc6 10. Nc3 dxe5 11. fxe5 Bxd3 12. Qxd3 f6 13. Rd1 Nd7 14. Qe2 O-O 15.
exf6 Bxf6 16. O-O Qe7 17. b4 Rf7 18. Ne4 Kh8 19. Neg5 Rff8 20. Qd3 g6 21. Rfe1
Rae8 22. Qe4 Nd8 23. h4 Bg7 24. h5 Nf6 25. Qh4 gxh5 26. Ne5 Bh6 27. d5 Rg8 28.
Nef3 e5 29. Bf4 Qg7 30. Bxe5 Bxg5 31. Nxg5 h6 32. Nf7+ Qxf7 33. Bxf6+ Kh7 34.
Rxe8 Qxe8 35. Re1 Qg6 36. Qe4 Nf7 37. Bd4 a6 38. Qxg6+ Kxg6 39. Re7 Rc8 40. c5
h4 41. Kh2 Rd8 42. Rxc7 Rxd5 43. Bf2 Ne5 44. Bxh4 Rd7 45. Rxd7 Nxd7 46. a4 a5
47. Be1 Kf5 48. Kg3 axb4 49. Bxb4 Ne5 50. Ba3 Ke4 51. Kh4 Nd3 52. a5 Kd5 53. g4
Kc6 54. Kh5 Nf2 55. Bc1 Nxg4 56. Kxg4 Kxc5 57. Be3+ Kc6 58. Kh5 Kc7 59. Kxh6
Kd7 60. Kg6 Ke6 61. Bf2 Ke7 62. Kf5 Kd6 63. Ke4 Ke6 64. Bg3 Ke7 65. Kd5 Kd7 66.
Kc5 1-0

[Event "SR 3. liga A2 2014/2015"]
[Site "?"]
[Date "2015.01.11"]
[Round "6.4"]
[White "Bjel, Jan"]
[Black "Brunovsky, Peter"]
[Result "1/2-1/2"]
[WhiteElo "1823"]
[BlackElo "1869"]
[PlyCount "76"]
[EventDate "2015.??.??"]

1. d4 Nf6 2. c4 c5 3. Nf3 g6 4. Nc3 Na6 5. Bg5 Bg7 6. e3 O-O 7. Be2 d6 8. O-O
b6 9. Qd2 Nc7 10. a4 Bd7 11. d5 a6 12. e4 Ng4 13. h3 Ne5 14. Bh6 Nxf3+ 15. Bxf3
b5 16. Bxg7 Kxg7 17. b3 Rb8 18. Be2 Rb7 19. Rfb1 Qb8 20. axb5 axb5 21. b4 cxb4
22. Rxb4 bxc4 23. Rxb7 Qxb7 24. Qd4+ f6 25. Ra7 Qb8 26. Bxc4 Rc8 27. Ne2 Kf8
28. Ba6 Nxa6 29. Rxa6 Qb1+ 30. Kh2 Rb8 31. Ra7 Be8 32. Nf4 Bf7 33. Qe3 g5 34.
Ne2 Qb3 35. Qxb3 Rxb3 36. Ra8+ Kg7 37. Ra2 Kf8 38. f3 Rb8 1/2-1/2

[Event "SR 3. liga A2 2014/2015"]
[Site "?"]
[Date "2015.01.11"]
[Round "6.4"]
[White "Zajicek, Ferdinand"]
[Black "Krchnak, Rudolf"]
[Result "1-0"]
[WhiteElo "1836"]
[BlackElo "1796"]
[PlyCount "79"]
[EventDate "2015.??.??"]

1. e4 d6 2. Nf3 Nf6 3. Nc3 c6 4. d4 Bg4 5. Be2 Nbd7 6. O-O e5 7. Be3 Be7 8. h3
Bh5 9. Nh2 Bg6 10. Bd3 Qa5 11. a3 O-O 12. f4 exf4 13. Rxf4 Rae8 14. Bd2 Qc7 15.
Be3 a6 16. Qd2 c5 17. dxc5 dxc5 18. Ng4 Nxg4 19. Rxg4 Nf6 20. Nd5 Nxd5 21. exd5
Bxd3 22. Qxd3 Qe5 23. Bh6 Bf6 24. Rf1 g6 25. Bxf8 Rxf8 26. c3 Be7 27. Re4 Qg5
28. d6 Bd8 29. Rfe1 b5 30. Re5 Qf6 31. R1e2 Bb6 32. Qd1 c4+ 33. Kh1 Qf4 34. Re8
Bc5 35. Rxf8+ Kxf8 36. d7 Bd6 37. Re8+ Kg7 38. Qd4+ Qxd4 39. cxd4 Bc7 40. d8=Q
1-0

[Event "SR 3. liga A2 2014/2015"]
[Site "?"]
[Date "2015.01.11"]
[Round "6.5"]
[White "Spacek, Oliver"]
[Black "Kapusta, Petr"]
[Result "0-1"]
[WhiteElo "2011"]
[BlackElo "2112"]
[PlyCount "84"]
[EventDate "2015.??.??"]

1. e4 c5 2. c3 d6 3. g3 Nf6 4. Bg2 g6 5. d4 cxd4 6. cxd4 Bg7 7. Nc3 Nc6 8. Nf3
O-O 9. O-O Bg4 10. Be3 Qd7 11. d5 Na5 12. Qd3 Rfc8 13. Nd2 b6 14. Rac1 Bh3 15.
f3 Bxg2 16. Kxg2 e6 17. b4 Nb7 18. Nb3 e5 19. Qa6 Ne8 20. Nb5 Rcb8 21. Rc2 f5
22. h3 Nd8 23. Rfc1 Rb7 24. Rc6 Rab8 25. Bg5 h6 26. Bxd8 Rxd8 27. Nd2 Qe7 28.
R1c2 Kh7 29. a4 Rbd7 30. Na3 Qg5 31. exf5 gxf5 32. Qd3 Nf6 33. g4 Kh8 34. Rc7
e4 35. fxe4 fxg4 36. h4 Qxh4 37. Qg3 Qg5 38. Nb5 Nh5 39. Qf2 Nf4+ 40. Kf1 g3
41. Qf3 g2+ 42. Kg1 Qh4 0-1

[Event "SR 3. liga A2 2014/2015"]
[Site "?"]
[Date "2015.01.11"]
[Round "6.5"]
[White "Koutny, Petr"]
[Black "Hecko, Dusan"]
[Result "1-0"]
[WhiteElo "2095"]
[BlackElo "2105"]
[PlyCount "73"]
[EventDate "2015.??.??"]

1. e4 d5 2. exd5 Qxd5 3. Nc3 Qd6 4. d4 Nf6 5. Nf3 Bg4 6. Bd3 e6 7. O-O Be7 8.
Ne4 Nxe4 9. Bxe4 c6 10. c3 Nd7 11. Qb3 Qc7 12. c4 Nf6 13. Bc2 O-O 14. Ne5 Bh5
15. Bf4 Bd6 16. Qh3 Bg6 17. Bxg6 fxg6 18. Qxe6+ Kh8 19. Nxg6+ hxg6 20. Bxd6 Qc8
21. Rfe1 Re8 22. Qxc8 Raxc8 23. f3 Kg8 24. Kf2 b5 25. b3 Kf7 26. Rxe8 Rxe8 27.
Re1 bxc4 28. bxc4 Rxe1 29. Kxe1 Nd7 30. Kd2 g5 31. Kc3 Ke6 32. Bg3 g6 33. Kb4
Kf5 34. d5 cxd5 35. cxd5 g4 36. Kb5 gxf3 37. gxf3 1-0

[Event "SR 3. liga A2 2014/2015"]
[Site "?"]
[Date "2015.01.11"]
[Round "6.5"]
[White "Pericka, Tomas"]
[Black "Stanec, Stanislav"]
[Result "0-1"]
[WhiteElo "2010"]
[BlackElo "2162"]
[PlyCount "106"]
[EventDate "2015.??.??"]

1. e4 d5 2. exd5 Qxd5 3. Nc3 Qa5 4. d4 c6 5. Bc4 Nf6 6. Bd2 Qb6 7. Nge2 e6 8.
O-O Be7 9. Na4 Qc7 10. Bf4 Bd6 11. Bxd6 Qxd6 12. Bb3 O-O 13. Ng3 Nbd7 14. Re1
b6 15. Nc3 Bb7 16. Nge4 Qc7 17. Nxf6+ Nxf6 18. Ne4 Nxe4 19. Rxe4 c5 20. Rg4
Rad8 21. c3 cxd4 22. Rxd4 Qc6 23. f3 Qc5 24. Kh1 Rxd4 25. Qxd4 Qxd4 26. cxd4
Rc8 27. Kg1 Kf8 28. Kf2 Ke7 29. Ke3 Kd6 30. Kd2 Bd5 31. Bc2 h5 32. h4 Rc7 33.
Bd3 Bb7 34. a3 Bd5 35. Re1 g6 36. Ke3 Bb3 37. f4 Bd5 38. g3 Bb3 39. Rf1 Bc4 40.
Re1 Bxd3 41. Kxd3 f6 42. b3 a6 43. Kd2 Kd5 44. Kd3 Rc6 45. Rf1 b5 46. Re1 a5
47. Ra1 e5 48. dxe5 fxe5 49. Re1 e4+ 50. Rxe4 Rc3+ 51. Kxc3 Kxe4 52. a4 bxa4
53. bxa4 Kf3 0-1

[Event "SR 3. liga A2 2014/2015"]
[Site "?"]
[Date "2015.01.11"]
[Round "6.5"]
[White "Hudacek, Josef"]
[Black "Nemeckay, Rastislav"]
[Result "1/2-1/2"]
[WhiteElo "2037"]
[BlackElo "1985"]
[PlyCount "115"]
[EventDate "2015.??.??"]

1. e4 e5 2. Nf3 Nc6 3. Bb5 a6 4. Ba4 Nf6 5. O-O b5 6. Bb3 Be7 7. Re1 d6 8. c3
O-O 9. d4 Bg4 10. Be3 Na5 11. Bc2 Nc4 12. Bc1 c5 13. b3 Nb6 14. dxe5 Bxf3 15.
Qxf3 dxe5 16. Nd2 Qc7 17. Nf1 Rfd8 18. Ng3 g6 19. Bg5 Ne8 20. Bh6 Bf8 21. Bg5
Be7 22. Be3 Nd6 23. Rad1 c4 24. b4 Ne8 25. Qg4 Nf6 26. Qe2 Rxd1 27. Rxd1 Rd8
28. f3 Rxd1+ 29. Qxd1 Nbd7 30. Ne2 Qd6 31. a4 Qxd1+ 32. Bxd1 Bd8 33. axb5 axb5
34. Kf2 Bb6 35. g3 Ne8 36. Bc2 f6 37. f4 Kf7 38. Kf3 Bxe3 39. Kxe3 Nd6 40. h3
Ke6 41. Ng1 h6 42. Nf3 Nb6 43. Nh4 Kf7 44. Nf3 Ke6 45. Nd2 Nd7 46. Nb1 Nb6 47.
Na3 Ke7 48. Bd1 Ke6 49. Be2 Ke7 50. h4 Na4 51. Nb1 Ke6 52. Bd1 Nb6 53. Na3 Ke7
54. h5 g5 55. Be2 Ke6 56. fxg5 fxg5 57. Bf1 Ke7 58. Be2 1/2-1/2

[Event "SR 3. liga A2 2014/2015"]
[Site "?"]
[Date "2015.01.11"]
[Round "6.5"]
[White "Ocko, Martin"]
[Black "Londin, Martin"]
[Result "1-0"]
[WhiteElo "1857"]
[BlackElo "1954"]
[PlyCount "105"]
[EventDate "2015.??.??"]

1. e4 e5 2. Nf3 Nc6 3. Bb5 Nf6 4. d3 Bc5 5. O-O d6 6. c3 O-O 7. Nbd2 Ne7 8. d4
exd4 9. cxd4 Bb6 10. Re1 Ng6 11. h3 h6 12. Nf1 c6 13. Bd3 Nh5 14. Qc2 Nh4 15.
N1h2 Re8 16. Nxh4 Qxh4 17. Nf3 Qd8 18. Be3 Bc7 19. Rad1 Qf6 20. e5 dxe5 21.
dxe5 Qe6 22. Bc4 Qf5 23. Qxf5 Bxf5 24. g4 Be4 25. Rd7 Bxf3 26. Rxc7 Rxe5 27.
Bxf7+ Kh8 28. Bxh5 Rd8 29. Rxb7 a5 30. Bg6 Re6 31. Bf5 Re5 32. Rc1 c5 33. Rc7
h5 34. R7xc5 Rxc5 35. Bxc5 g6 36. Be6 Kg7 37. gxh5 gxh5 38. Re1 Rd2 39. Bb3 a4
40. Bxa4 Rd5 41. Be3 Ra5 42. Bb3 h4 43. Kh2 Kg6 44. Rg1+ Kf6 45. Rg8 Be2 46.
Rh8 Bh5 47. Rf8+ Ke7 48. Rf4 Ra6 49. Rxh4 Bf3 50. Rh6 Ra5 51. Kg3 Be2 52. Bd2
Re5 53. Kf4 1-0